[Event "ch-FRA Accession 2014"]
[Site "Nimes FRA"]
[Date "2014.08.25"]
[Round "8.7"]
[White "Velten, Paul"]
[Black "Veys, Vincent"]
[Result "0-1"]
[WhiteTitle "IM"]
[WhiteElo "2437"]
[BlackElo "2143"]
[WhiteFideId "681091"]
[BlackFideId "20641567"]
[EventDate "2014.08.17"]

1. d4 d5 2. Nf3 Nf6 3. c4 c6 4. e3 Bg4 5. Nbd2 e6 6. h3 Bh5 7. g4 Bg6 8. Ne5
Nbd7 9. h4 dxc4 10. Ndxc4 Nxe5 11. Nxe5 Bb4+ 12. Bd2 Bxd2+ 13. Qxd2 Nd7 14. Nc4
Nb6 15. f3 Nxc4 16. Bxc4 h5 17. g5 Qd6 18. O-O-O O-O-O 19. Qc3 Kb8 20. b4 Qc7
21. Kb2 Qb6 22. Bb3 Qb5 23. e4 Qb6 24. Rd2 Rd7 25. Rhd1 Rhd8 26. a3 Qc7 27. Qe3
Qg3 28. Rg1 Qc7 29. f4 Qb6 30. Rgd1 a5 31. f5 exf5 32. exf5 Bh7 33. Qf4+ Qc7 34.
Rf1 Qxf4 35. Rxf4 axb4 36. axb4 f6 37. g6 Bg8 38. Bd1 b6 39. Bxh5 c5 40. Bd1
cxd4 41. h5 d3 42. Rh2 Ra7 43. Kb1 d2 44. h6 gxh6 45. Kc2 Rc7+ 46. Kb2 Rc1 47.
Rf1 Rc4 48. Rxh6 Rxb4+ 49. Kc2 Rc4+ 50. Kb2 Rdc8 51. Rf2 Rb4+ 52. Ka3 Rb1 53.
Rxd2 Rc3+ 54. Ka4 Rc5 55. Bb3 Bxb3+ 56. Ka3 Bg8 0-1

[Event "ch-FRA Accession 2014"]
[Site "Nimes FRA"]
[Date "2014.08.25"]
[Round "8.8"]
[White "Favarel, Antoine"]
[Black "Sochacki, Christophe"]
[Result "1/2-1/2"]
[WhiteTitle "FM"]
[BlackTitle "IM"]
[WhiteElo "2362"]
[BlackElo "2431"]
[WhiteFideId "642371"]
[BlackFideId "662569"]
[EventDate "2014.08.17"]

1. d4 d5 2. c4 e6 3. Nf3 Nf6 4. g3 Be7 5. Bg2 O-O 6. O-O dxc4 7. Qc2 a6 8. a4
Bd7 9. Qxc4 Bc6 10. Bg5 Nbd7 11. Nc3 h6 12. Bxf6 Nxf6 13. b4 Ne4 14. b5 Bd5 15.
Nxd5 exd5 16. Qb3 axb5 17. axb5 Qd6 18. Rfc1 Bf6 19. e3 Rxa1 20. Rxa1 c5 21.
bxc6 bxc6 22. Qc2 c5 23. dxc5 Qxc5 24. Qxc5 Nxc5 25. Ra5 Rc8 26. Bh3 Rc7 27. Nd4
g6 28. Ne2 Kg7 29. Bg4 d4 30. exd4 Nb3 31. Ra4 h5 32. Bf3 Rd7 33. Bc6 Re7 34.
Bf3 Rd7 35. h4 Nxd4 36. Nxd4 Rxd4 37. Rxd4 Bxd4 38. Bd5 Kf6 39. Kg2 Kg7 40. Kg1
Kf6 41. Kg2 1/2-1/2

[Event "ch-FRA Accession 2014"]
[Site "Nimes FRA"]
[Date "2014.08.25"]
[Round "8.9"]
[White "Malka, Samuel"]
[Black "Battaglini, Gabriel"]
[Result "1-0"]
[BlackTitle "IM"]
[WhiteElo "2226"]
[BlackElo "2431"]
[WhiteFideId "20643675"]
[BlackFideId "621650"]
[EventDate "2014.08.17"]

1. Nf3 c5 2. c4 g6 3. Nc3 Bg7 4. g3 Nc6 5. Bg2 e5 6. O-O Nge7 7. Ne1 O-O 8. a3
a5 9. d3 d6 10. Nc2 Be6 11. Ne3 f5 12. Ned5 h6 13. Rb1 Kh7 14. Nxe7 Qxe7 15. Nd5
Qd8 16. Bd2 a4 17. Nc3 Nd4 18. Nxa4 Rxa4 19. Qxa4 Nxe2+ 20. Kh1 f4 21. Qd1 Nd4
22. Be4 d5 23. cxd5 Bxd5 24. Bc3 Bxe4+ 25. dxe4 f3 26. Bxd4 Qd7 27. Bxc5 Qh3 28.
Rg1 Rf6 29. Qb3 h5 30. Rbd1 h4 31. Rd8 Rc6 32. Qg8+ Kh6 33. Be3+ g5 34. Bxg5+
Kg6 35. gxh4 Rc1 36. Bxc1+ 1-0

[Event "ch-FRA Accession 2014"]
[Site "Nimes FRA"]
[Date "2014.08.25"]
[Round "8.10"]
[White "Lazarev, Vladimir"]
[Black "Houriez, Clement"]
[Result "1-0"]
[WhiteTitle "GM"]
[BlackTitle "FM"]
[WhiteElo "2400"]
[BlackElo "2295"]
[WhiteFideId "4113250"]
[BlackFideId "649708"]
[EventDate "2014.08.17"]

1. d4 Nf6 2. c4 e6 3. Nc3 Bb4 4. Qc2 c5 5. dxc5 Bxc5 6. Nf3 Nc6 7. Bf4 Qa5 8.
Bd2 Qc7 9. a3 O-O 10. e3 b6 11. Bd3 Bb7 12. O-O Rac8 13. Rac1 Qb8 14. Ne4 Nxe4
15. Bxe4 h6 16. Bc3 Rfd8 17. Rfd1 Bf8 18. Qe2 Na5 19. Bxb7 Qxb7 20. Nd2 Qa6 21.
Bxa5 bxa5 22. Kf1 Rb8 23. Rc2 Rdc8 24. Nf3 Rb7 25. Rdc1 a4 26. g3 Rbc7 27. Nd2
d5 28. Qd3 dxc4 29. Rxc4 Qb5 30. R1c2 Rd7 31. Qxd7 Qxd7 32. Rxc8 g6 33. Ke1 Qb7
34. h4 Kg7 35. R8c7 Qb6 36. R7c4 Qb5 37. Nf3 Be7 38. Nd4 Qa5+ 39. Ke2 Bf6 40.
Rb4 Bxd4 41. Rxd4 Qb5+ 42. Ke1 a5 43. Rdc4 f5 44. Rc5 Qb6 45. Rc6 Qb3 46. Rd2 g5
47. hxg5 hxg5 48. Rdd6 Qxb2 49. Rxe6 Qb1+ 50. Kd2 Qa2+ 51. Ke1 Qxa3 52. Rc7+ Kf8
53. Rb6 Qa1+ 54. Ke2 Qa2+ 55. Kf1 1-0

[Event "ch-FRA Accession 2014"]
[Site "Nimes FRA"]
[Date "2014.08.25"]
[Round "8.11"]
[White "Brochet, Philippe"]
[Black "Meunier, Clement2"]
[Result "1-0"]
[WhiteTitle "IM"]
[WhiteElo "2400"]
[BlackElo "2219"]
[WhiteFideId "602469"]
[BlackFideId "20667930"]
[EventDate "2014.08.17"]

1. e4 e5 2. Nf3 Nc6 3. Bc4 Bc5 4. b4 Bxb4 5. c3 Ba5 6. d4 exd4 7. Qb3 Qe7 8. O-O
Nf6 9. e5 Nxe5 10. Nxe5 Qxe5 11. Bxf7+ Kd8 12. cxd4 Qf5 13. Qg3 Qg4 14. Qe5 Bb4
15. Bg5 Be7 16. Re1 Re8 17. Bxe8 Qe6 18. Qxe6 dxe6 19. Ba4 Nd5 20. Bxe7+ Kxe7
21. Bb3 1-0

[Event "ch-FRA Accession 2014"]
[Site "Nimes FRA"]
[Date "2014.08.25"]
[Round "8.12"]
[White "Dionisi, Thomas"]
[Black "Briet, Antoine"]
[Result "1-0"]
[WhiteTitle "FM"]
[BlackTitle "FM"]
[WhiteElo "2400"]
[BlackElo "2254"]
[WhiteFideId "651893"]
[BlackFideId "644641"]
[EventDate "2014.08.17"]

1. e4 c5 2. Nf3 d6 3. d4 cxd4 4. Nxd4 Nf6 5. Nc3 g6 6. Be3 Bg7 7. f3 O-O 8. Qd2
Nc6 9. g4 Bxg4 10. fxg4 Nxg4 11. Bg1 e6 12. Nf3 Qa5 13. h3 Nge5 14. Nxe5 Nxe5
15. Be2 Rfc8 16. Bd4 Rab8 17. a3 b5 18. O-O Qd8 19. Bxa7 Qh4 20. Qf4 Qxh3 21.
Bxb8 Rxb8 22. Rf2 Bh6 23. Rh2 Qe3+ 24. Qxe3 Bxe3+ 25. Kf1 b4 26. Nb5 Nc6 27. Rh3
Bc5 28. c3 bxa3 29. b4 Bb6 30. Nxd6 Nxb4 31. cxb4 Bd4 32. Raxa3 Rxb4 33. Rhb3
Rxb3 34. Rxb3 Be5 35. Nc4 Bf4 36. Kg2 Kg7 37. Rb7 1-0

[Event "ch-FRA Accession 2014"]
[Site "Nimes FRA"]
[Date "2014.08.25"]
[Round "8.13"]
[White "Giroyan, Gary"]
[Black "Gervasio, Ricardo"]
[Result "1/2-1/2"]
[WhiteTitle "IM"]
[WhiteElo "2359"]
[BlackElo "2239"]
[WhiteFideId "680281"]
[BlackFideId "2104997"]
[EventDate "2014.08.17"]

1. d4 Nf6 2. c4 d6 3. Nf3 Bg4 4. Nc3 Nbd7 5. e4 e5 6. Be2 c6 7. O-O Be7 8. Be3
O-O 9. Qc2 Bh5 10. h3 Bg6 11. Rfd1 exd4 12. Bxd4 Re8 13. Bd3 Bf8 14. b4 Qe7 15.
Re1 Nh5 16. Qd2 Ne5 17. Be2 Qc7 18. Rad1 Nf6 19. Qe3 Nxf3+ 20. Bxf3 Nd7 21. Qd2
Rad8 22. Qb2 a6 23. Bg4 b5 24. cxb5 axb5 25. f4 f6 26. h4 d5 27. exd5 Rxe1+ 28.
Rxe1 Qxf4 29. Be6+ Kh8 30. Qf2 Qd6 31. h5 Bxh5 32. Ne4 Qc7 33. Rc1 Ne5 34. Bb6
Qb8 35. Bxd8 Qxd8 36. dxc6 Qc7 37. Qd4 Bg6 38. Bd5 Ng4 39. Nf2 Qh2+ 40. Kf1 Nxf2
41. Kxf2 Bd6 42. Bf3 h5 43. a4 Qg3+ 44. Ke2 bxa4 45. b5 Qg5 46. Kd1 Qxb5 47. c7
Qf1+ 48. Kd2 Bb4+ 49. Qxb4 Qd3+ 50. Ke1 Qe3+ 51. Kd1 Qd3+ 1/2-1/2

[Event "ch-FRA Accession 2014"]
[Site "Nimes FRA"]
[Date "2014.08.25"]
[Round "8.14"]
[White "Sochacki, Wojtek"]
[Black "Louis, Thibault"]
[Result "0-1"]
[WhiteTitle "FM"]
[WhiteElo "2288"]
[BlackElo "2235"]
[WhiteFideId "651389"]
[BlackFideId "681369"]
[EventDate "2014.08.17"]

1. e4 e6 2. d4 d5 3. Nc3 Nf6 4. e5 Nfd7 5. f4 c5 6. Nf3 Nc6 7. Be3 cxd4 8. Nxd4
Bc5 9. Qd2 O-O 10. O-O-O Bxd4 11. Bxd4 Qa5 12. Kb1 Rb8 13. Nb5 Qxd2 14. Rxd2 a6
15. Nd6 Nxd4 16. Rxd4 f6 17. exf6 Nxf6 18. Nxc8 Rbxc8 19. g3 Rc6 20. Bd3 g6 21.
Re1 Nd7 22. c4 Nf6 23. cxd5 exd5 24. a4 Kf7 25. f5 g5 26. Rb4 Rb8 27. Re2 a5 28.
Rb5 b6 29. Bc2 Rd8 30. Re6 Rdd6 31. Rxd6 Rxd6 32. Kc1 Nd7 33. b4 axb4 34. Rxb4
Kf6 35. h4 h6 36. hxg5+ hxg5 37. Rb5 Ke5 38. a5 bxa5 39. Rxa5 Nf6 40. Kd1 Ne4
41. g4 Nf2+ 42. Ke2 Nxg4 43. Ra7 Kf4 44. Ra3 Ne5 45. Ra4+ d4 46. f6 g4 47. Bb3
Rxf6 48. Rxd4+ Kg3 49. Re4 Nf3 50. Ke3 Ng5 51. Rb4 Rf8 52. Ba4 Rf7 53. Rd4 Re7+
54. Kd3 Nf3 55. Re4 Rxe4 56. Kxe4 Kf2 57. Bd1 Nd2+ 58. Kd3 g3 0-1

[Event "ch-FRA Accession 2014"]
[Site "Nimes FRA"]
[Date "2014.08.25"]
[Round "8.15"]
[White "Duboue, Peio"]
[Black "Burri, Quentin"]
[Result "1-0"]
[WhiteElo "2272"]
[BlackElo "2211"]
[WhiteFideId "654833"]
[BlackFideId "26028654"]
[EventDate "2014.08.17"]

1. e4 c5 2. Nf3 d6 3. d4 cxd4 4. Nxd4 Nf6 5. Nc3 a6 6. Qf3 e6 7. g4 Nc6 8. Nxc6
bxc6 9. g5 Nd7 10. h4 Rb8 11. b3 d5 12. Ne2 Bb7 13. Bg2 Bb4+ 14. c3 Bd6 15. Bf4
dxe4 16. Qg3 e5 17. Be3 c5 18. Qg4 O-O 19. Ng3 Bc8 20. Nf5 Qa5 21. O-O Qc7 22.
Rad1 Nb6 23. Bxe4 g6 24. Nh6+ Kg7 25. Qg2 Be6 26. Ng4 Rbd8 27. Nf6 Be7 28. h5
Rxd1 29. Rxd1 Rd8 30. Re1 Nd7 31. Qf3 Rf8 32. Rd1 Nb6 33. Kg2 Rh8 34. Rh1 c4 35.
b4 Na4 36. Bc1 Qd8 37. Qg3 Bd6 38. Rh4 Bb8 39. Qf3 Nb6 40. Be3 Na4 41. Bc2 Nxc3
42. h6+ Kf8 43. Bc5+ Bd6 44. Qxc3 1-0

[Event "ch-FRA Accession 2014"]
[Site "Nimes FRA"]
[Date "2014.08.26"]
[Round "9.1"]
[White "Lagarde, Maxime"]
[Black "Apicella, Manuel"]
[Result "1/2-1/2"]
[WhiteTitle "GM"]
[BlackTitle "GM"]
[WhiteElo "2534"]
[BlackElo "2520"]
[WhiteFideId "662399"]
[BlackFideId "600164"]
[EventDate "2014.08.17"]

1. d4 e6 2. c4 Nf6 3. Nf3 Bb4+ 4. Bd2 Qe7 5. g3 O-O 6. Bg2 Bxd2+ 7. Qxd2 d6 8.
Nc3 e5 9. O-O c6 10. c5 exd4 11. cxd6 Qxd6 12. Qxd4 Qxd4 13. Nxd4 Na6 14. Rad1
Nc7 15. e4 Bg4 16. f3 Bd7 17. Rd2 Rae8 18. f4 Bc8 19. h3 c5 20. Nde2 Nd7 21.
Rfd1 Nb6 22. b3 f6 23. Kf2 g5 24. Nd5 Nbxd5 25. exd5 Nb5 26. d6 Rxe2+ 27. Rxe2
Nc3 28. Rde1 Nxe2 29. Rxe2 gxf4 30. gxf4 Rd8 31. Re7 Bf5 32. Bd5+ Kh8 33. Be6
Bxe6 34. Rxe6 f5 35. Kg3 b5 36. Kh4 c4 37. bxc4 bxc4 38. Kg5 c3 39. Kf6 c2 40.
d7 Rf8+ 41. Ke7 c1=Q 42. Kxf8 Qc7 43. Ke8 Kg7 44. a4 a5 45. h4 h5 46. Re7+ Kg8
47. Re6 Kg7 48. Re7+ Kg8 49. Re5 Qc4 50. Ke7 Qb4+ 51. Ke6 Qb6+ 52. Ke7 Qb4+ 53.
Ke6 Qb6+ 54. Ke7 1/2-1/2

[Event "ch-FRA Accession 2014"]
[Site "Nimes FRA"]
[Date "2014.08.26"]
[Round "9.2"]
[White "Barbot, Pierre1"]
[Black "Moussard, Jules"]
[Result "1-0"]
[WhiteTitle "FM"]
[BlackTitle "IM"]
[WhiteElo "2409"]
[BlackElo "2423"]
[WhiteFideId "663727"]
[BlackFideId "642908"]
[EventDate "2014.08.17"]

1. e4 c5 2. Nf3 d6 3. Bb5+ Bd7 4. c4 Nc6 5. O-O g6 6. d4 cxd4 7. Nxd4 Bg7 8. Be3
Nf6 9. f3 O-O 10. Nc3 a6 11. Bxc6 Bxc6 12. Qe2 Rc8 13. Rac1 Qc7 14. Nd5 Bxd5 15.
exd5 Qd7 16. Bf2 Rc7 17. b3 Rfc8 18. Rcd1 b5 19. Rfe1 bxc4 20. bxc4 Bf8 21. Bh4
Rxc4 22. Bxf6 Qa4 23. Bxe7 Rxd4 24. Bf6 Rxd1 25. Rxd1 Rc2 26. Rd2 Rc1+ 27. Kf2
Qf4 28. Bb2 Qh4+ 29. g3 Qxh2+ 30. Ke3 Qg1+ 31. Qf2 Re1+ 32. Kd3 Qh1 33. Kc2 Bg7
34. Re2 Rf1 35. Re8+ Bf8 36. Qb6 Qg2+ 37. Kb3 Rxf3+ 38. Ka4 Qc2+ 39. Ka5 Qc5+
40. Qxc5 dxc5 41. Be5 Ra3+ 42. Kb6 Re3 43. d6 Rxe5 44. d7 Rd5 45. d8=Q Rxd8 46.
Rxd8 c4 47. Kxa6 Kg7 48. Kb5 c3 49. a4 c2 50. Rc8 Bd6 51. Rxc2 Bxg3 52. a5 1-0

[Event "ch-FRA Accession 2014"]
[Site "Nimes FRA"]
[Date "2014.08.26"]
[Round "9.3"]
[White "Demuth, Adrien"]
[Black "Wirig, Anthony"]
[Result "1/2-1/2"]
[WhiteTitle "IM"]
[BlackTitle "GM"]
[WhiteElo "2518"]
[BlackElo "2506"]
[WhiteFideId "642274"]
[BlackFideId "615013"]
[EventDate "2014.08.17"]

1. Nf3 Nf6 2. c4 g6 3. Nc3 Bg7 4. d4 O-O 5. e4 d6 6. h3 e5 7. d5 Nh5 8. g3 Na6
9. Be3 Nc5 10. Nd2 a5 11. Be2 Nf6 12. g4 Ne8 13. h4 f5 14. g5 Rf7 15. Qc2 Na6
16. exf5 Nb4 17. Qb3 gxf5 18. a3 Na6 19. f4 Nc5 20. Qc2 Re7 21. Rh2 Bd7 22.
O-O-O e4 23. h5 c6 24. h6 Bh8 25. Rg1 a4 26. Kb1 Qa5 27. g6 Bf6 28. gxh7+ Kxh7
29. Rhg2 Bxc3 30. bxc3 Qb6+ 31. Ka2 Qb3+ 32. Nxb3 axb3+ 33. Qxb3 Nxb3 34. Kxb3
Nf6 35. Rg7+ Rxg7 36. Rxg7+ Kxh6 37. Rf7 Kg6 38. Bh5+ Kxh5 39. Rxf6 cxd5 40.
cxd5 Ba4+ 41. Kb4 Kg4 42. Bc1 1/2-1/2

[Event "ch-FRA Accession 2014"]
[Site "Nimes FRA"]
[Date "2014.08.26"]
[Round "9.4"]
[White "Veys, Vincent"]
[Black "Navrotescu, Catalin"]
[Result "1/2-1/2"]
[BlackTitle "IM"]
[WhiteElo "2143"]
[BlackElo "2406"]
[WhiteFideId "20641567"]
[BlackFideId "1200208"]
[EventDate "2014.08.17"]

1. e4 d6 2. d4 Nf6 3. Nc3 g6 4. f4 Bg7 5. a3 O-O 6. Nf3 Na6 7. Be3 b6 8. Bd3 c5
9. d5 Nc7 10. O-O Bg4 11. f5 b5 12. h3 Bxf3 13. Qxf3 c4 14. Be2 Nd7 15. h4 e6
16. dxe6 fxe6 17. Qg3 exf5 18. exf5 Qe7 19. Nxb5 Be5 20. Qh3 d5 21. Nxc7 Bxc7
22. Rae1 Rxf5 23. Rxf5 gxf5 24. Bf3 Qe6 25. Bf2 Qf7 26. Rd1 Nb6 27. Bg3 Rf8 28.
Bxc7 Qxc7 29. Bxd5+ Nxd5 30. Rxd5 Qb6+ 31. Kh2 Qxb2 32. Qg3+ Kh8 33. Qf4 Qf6 34.
Rd7 a5 35. g3 Re8 36. Qc7 f4 37. Qxf4 Re2+ 38. Kg1 Qa1+ 39. Qf1 Re1 40. Rd8+ Kg7
41. Rd7+ Kg6 42. Rd6+ 1/2-1/2

[Event "ch-FRA Accession 2014"]
[Site "Nimes FRA"]
[Date "2014.08.26"]
[Round "9.5"]
[White "Fantinel, Thibault"]
[Black "Buscara, Sevan"]
[Result "1-0"]
[WhiteTitle "FM"]
[BlackTitle "FM"]
[WhiteElo "2272"]
[BlackElo "2348"]
[WhiteFideId "663395"]
[BlackFideId "650234"]
[EventDate "2014.08.17"]

1. c4 c6 2. e4 e5 3. Nf3 d6 4. d4 Bg4 5. Be2 Nd7 6. O-O Ngf6 7. Nc3 Be7 8. Be3
O-O 9. Rb1 Re8 10. d5 c5 11. Ne1 Bxe2 12. Qxe2 g6 13. a3 Nh5 14. b4 b6 15. Nd3
Ng7 16. Rb2 f5 17. bxc5 bxc5 18. Rfb1 Rf8 19. f3 h5 20. Bh6 f4 21. Bxg7 Kxg7 22.
Rb7 Qc8 23. Qb2 Rf7 24. Na4 Bd8 25. Qb5 Nb6 26. Rxf7+ Kxf7 27. Naxc5 dxc5 28.
Nxe5+ Kg7 29. Qe8 1-0

[Event "ch-FRA Accession 2014"]
[Site "Nimes FRA"]
[Date "2014.08.26"]
[Round "9.6"]
[White "Favarel, Antoine"]
[Black "Lazarev, Vladimir"]
[Result "1/2-1/2"]
[WhiteTitle "FM"]
[BlackTitle "GM"]
[WhiteElo "2362"]
[BlackElo "2400"]
[WhiteFideId "642371"]
[BlackFideId "4113250"]
[EventDate "2014.08.17"]

1. c4 e6 2. g3 d5 3. Bg2 Nf6 4. Nf3 dxc4 5. Qa4+ Nbd7 6. Qxc4 a6 7. Qb3 Rb8 8.
O-O b6 9. d4 Bb7 10. Nc3 Bd6 11. Qc2 b5 12. a3 c5 13. e4 cxd4 14. Nxd4 O-O 15.
Qe2 Qc7 16. Rd1 b4 17. Ncb5 axb5 18. Nxb5 Ba6 19. Nxc7 Bxe2 20. Rxd6 Rfc8 21. e5
bxa3 22. exf6 Rxc7 23. bxa3 Nxf6 24. Bf4 Rbc8 25. h3 Rc2 26. a4 Bc4 27. Be5 Bd5
28. Bxf6 Bxg2 29. Bxg7 Kxg7 30. Kxg2 Rb2 31. Rd3 Rcc2 32. Rf3 Ra2 33. Rxa2 Rxa2
34. Rf4 h5 35. Rb4 Kg6 36. h4 f6 37. Kf3 e5 38. Ke3 Kf5 39. Kf3 Ra3+ 40. Kg2 Ra2
41. Rc4 Ra3 42. Rb4 Ra2 43. Kg1 Ra1+ 44. Kh2 Ra2 45. Kg2 Ra3 46. f3 Ra2+ 47. Kh3
Ra3 48. Kg2 Ra2+ 49. Kf1 Ra1+ 50. Ke2 Ra2+ 51. Kd1 Ra3 52. g4+ Kg6 53. Ke2 hxg4
54. fxg4 Rh3 55. h5+ Kg5 56. Re4 f5 57. gxf5 1/2-1/2

[Event "ch-FRA Accession 2014"]
[Site "Nimes FRA"]
[Date "2014.08.26"]
[Round "9.7"]
[White "Mancini, Mario"]
[Black "Brochet, Philippe"]
[Result "0-1"]
[WhiteTitle "FM"]
[BlackTitle "IM"]
[WhiteElo "2209"]
[BlackElo "2400"]
[WhiteFideId "605077"]
[BlackFideId "602469"]
[EventDate "2014.08.17"]

1. d4 d5 2. c4 dxc4 3. Nf3 Nf6 4. e3 Be6 5. Na3 c5 6. Bxc4 Bxc4 7. Nxc4 cxd4 8.
Nxd4 e6 9. O-O a6 10. Bd2 Nbd7 11. Qf3 Rc8 12. Rac1 Nd5 13. Qg3 Nc5 14. Ne5 Nf6
15. f3 h5 16. b4 h4 17. Qf4 g5 18. Nxe6 gxf4 19. Nxd8 Rxd8 20. Rxc5 0-1

[Event "ch-FRA Accession 2014"]
[Site "Nimes FRA"]
[Date "2014.08.26"]
[Round "9.8"]
[White "Dionisi, Thomas"]
[Black "Bellahcene, Bilel"]
[Result "0-1"]
[WhiteTitle "FM"]
[BlackTitle "FM"]
[WhiteElo "2400"]
[BlackElo "2357"]
[WhiteFideId "651893"]
[BlackFideId "696358"]
[EventDate "2014.08.17"]

1. e4 e6 2. d4 d5 3. Nc3 Bb4 4. e5 c5 5. a3 Bxc3+ 6. bxc3 Ne7 7. Nf3 b6 8. a4
Ba6 9. Bb5+ Bxb5 10. axb5 Qd7 11. dxc5 bxc5 12. Qe2 O-O 13. O-O Qb7 14. c4 dxc4
15. Qxc4 Nd7 16. Rd1 Nb6 17. Qxc5 Rfc8 18. Qd6 Ned5 19. Nd4 Nc4 20. Qa6 Qc7 21.
Nc6 Nxe5 22. Nxa7 Qxc2 23. Be3 Rd8 24. Bg5 Nc7 25. Rxd8+ Rxd8 26. Bxd8 Nxa6 27.
bxa6 Nd3 28. Bh4 g5 29. Bg3 Nc1 30. h3 Qb2 31. Ra5 Ne2+ 32. Kh2 Qc1 33. h4 f5
34. hxg5 f4 35. Nc6 fxg3+ 36. fxg3 Qxc6 37. a7 Qa8 38. Kh3 Nd4 0-1

[Event "ch-FRA Accession 2014"]
[Site "Nimes FRA"]
[Date "2014.08.26"]
[Round "9.9"]
[White "Collas, Didier"]
[Black "Malka, Samuel"]
[Result "1-0"]
[WhiteTitle "IM"]
[WhiteElo "2362"]
[BlackElo "2226"]
[WhiteFideId "602680"]
[BlackFideId "20643675"]
[EventDate "2014.08.17"]

1. e4 c5 2. Nf3 d6 3. Bb5+ Nc6 4. O-O Bd7 5. Re1 Nf6 6. c3 a6 7. Bf1 Bg4 8. h3
Bh5 9. g4 Bg6 10. d4 cxd4 11. cxd4 d5 12. exd5 Nxd5 13. Nc3 e6 14. Qb3 Be7 15.
Nxd5 Qxd5 16. Qxb7 O-O 17. Ne5 Bb4 18. Nxc6 Ra7 19. Qxb4 Qxc6 20. Bg2 Qc2 21.
Be3 Rd7 22. Rac1 Qd3 23. Red1 Qe2 24. Rd2 1-0

[Event "ch-FRA Accession 2014"]
[Site "Nimes FRA"]
[Date "2014.08.26"]
[Round "9.10"]
[White "Mirimanian, Hayk"]
[Black "Velten, Paul"]
[Result "0-1"]
[BlackTitle "IM"]
[WhiteElo "2260"]
[BlackElo "2437"]
[WhiteFideId "4700180"]
[BlackFideId "681091"]
[EventDate "2014.08.17"]

1. e4 e6 2. d4 d5 3. Nd2 Nf6 4. Bd3 c5 5. dxc5 Bxc5 6. Qe2 Nc6 7. Ngf3 O-O 8.
O-O Nb4 9. e5 Nxd3 10. cxd3 Ne8 11. Nb3 Be7 12. Be3 f5 13. Bc5 Bxc5 14. Nxc5 g5
15. Qd2 f4 16. Nd4 Ng7 17. b4 b6 18. Ncb3 Bd7 19. a4 Be8 20. a5 Bg6 21. Rfc1 Qd7
22. Rc6 Qf7 23. axb6 axb6 24. Rxa8 Rxa8 25. Rxb6 g4 26. Rc6 f3 27. Qc1 h5 28.
Rc7 Qf8 29. Nc5 Qf4 30. Ncxe6 Nxe6 31. Nxe6 Qxc1+ 32. Rxc1 Bxd3 33. Nc7 Rc8 34.
Rc5 d4 35. gxf3 gxf3 36. Ne6 Rb8 37. Nxd4 Rxb4 38. Nxf3 Rg4+ 39. Kh1 Be4 40. Rc3
h4 41. h3 Rf4 42. Kg2 Kf7 43. Ra3 Rxf3 44. Ra4 Rg3+ 45. Kf1 Bd3+ 46. Ke1 Rxh3
47. f3 Rh2 48. Rd4 Bf5 49. Rd6 Ke7 50. Rf6 Bd7 51. Kf1 h3 52. Rh6 Bf5 53. Rf6
Be6 54. Rh6 Rg2 55. Rh7+ Kf8 56. Rh4 Kg7 57. Rf4 Rg3 58. Rh4 Rxf3+ 59. Kg1 Re3 0-1

[Event "ch-FRA Accession 2014"]
[Site "Nimes FRA"]
[Date "2014.08.26"]
[Round "9.11"]
[White "Sochacki, Christophe"]
[Black "N'guyen, Emilien"]
[Result "1-0"]
[WhiteTitle "IM"]
[WhiteElo "2431"]
[BlackElo "2167"]
[WhiteFideId "662569"]
[BlackFideId "26035898"]
[EventDate "2014.08.17"]
[EventType "swiss"]

1. e4 c6 2. Nf3 d5 3. Nc3 Bg4 4. h3 Bxf3 5. Qxf3 e6 6. d4 Nd7 7. Bd3 dxe4 8.
Nxe4 Ndf6 9. c3 Nxe4 10. Bxe4 Nf6 11. Bc2 Qd5 12. Qg3 Nh5 13. Qe3 Bd6 14. Be4
Qa5 15. O-O Bf4 16. b4 Qg5 17. Qe2 Bxc1 18. Raxc1 Nf6 19. f4 Qh4 20. b5 Nxe4 21.
Qxe4 Rc8 22. bxc6 bxc6 23. Rb1 Qe7 24. f5 exf5 25. Qxe7+ Kxe7 26. Rxf5 Rc7 27.
Re1+ Kd8 28. Rfe5 Kc8 29. Kf2 Rd8 30. Kf3 Rd6 31. g4 Rcd7 32. Ra5 Rf6+ 33. Kg3
Kd8 34. Rg5 g6 35. Rge5 Kc7 36. g5 Rfd6 37. Rf1 Re6 38. Rxf7 Rxf7 39. Rxe6 Kd7
40. Re5 Kd6 41. Ra5 Re7 42. Kf4 Rf7+ 43. Kg3 Re7 44. Kg4 Re4+ 45. Kf3 Rh4 46.
Kg3 Re4 47. Rxa7 Re3+ 48. Kg2 Rxc3 49. Rxh7 Ke6 50. Rc7 Kf5 51. d5 Rc2+ 52. Kf3
Rc3+ 53. Ke2 Kxg5 54. d6 Kf6 55. Rh7 Rc2+ 56. Kd3 Rxa2 57. d7 Ra8 58. Kc4 Ke6
59. Kc5 Ra5+ 60. Kxc6 Rd5 61. Kc7 Kf5 62. d8=Q Rxd8 63. Kxd8 Kf4 64. Rd7 1-0

[Event "ch-FRA Accession 2014"]
[Site "Nimes FRA"]
[Date "2014.08.26"]
[Round "9.12"]
[White "Louis, Thibault"]
[Black "Duboue, Peio"]
[Result "0-1"]
[WhiteElo "2235"]
[BlackElo "2272"]
[WhiteFideId "681369"]
[BlackFideId "654833"]
[EventDate "2014.08.17"]

1. e4 e5 2. Nf3 Nc6 3. Bb5 Nf6 4. d3 d6 5. c4 Be7 6. Nc3 O-O 7. h3 h6 8. d4 exd4
9. Nxd4 Ne5 10. f4 a6 11. fxe5 dxe5 12. Nc6 Qxd1+ 13. Kxd1 Bc5 14. Ba4 bxc6 15.
Bxc6 Rb8 16. g4 Be6 17. b3 Rb6 18. Ba4 Bd4 19. Bd2 Nxe4 20. Nxe4 Bxa1 21. Ba5
Bd4 22. Bxb6 cxb6 23. Ng3 g6 24. Bc6 Rc8 25. Bb7 Rc7 26. Be4 b5 27. cxb5 axb5
28. Kd2 Ra7 29. Bb1 Bd5 30. Rc1 Bg2 31. h4 Bf2 32. Rc3 b4 33. Rd3 Kg7 34. Ke2 e4
35. Kxf2 exd3 36. Ke3 Bh3 37. Kxd3 Rc7 0-1

[Event "ch-FRA Accession 2014"]
[Site "Nimes FRA"]
[Date "2014.08.26"]
[Round "9.13"]
[White "Weller, Jean-Luc"]
[Black "Le Corre, Benjamin"]
[Result "1/2-1/2"]
[BlackTitle "FM"]
[WhiteElo "2203"]
[BlackElo "2266"]
[WhiteFideId "421936"]
[BlackFideId "639605"]
[EventDate "2014.08.17"]

1. d4 Nf6 2. c4 g6 3. Nc3 Bg7 4. e4 d6 5. Nf3 O-O 6. Be2 c5 7. O-O Re8 8. h3
cxd4 9. Nxd4 b6 10. Be3 Bb7 11. Qc2 Nbd7 12. a4 Rc8 13. f3 a6 14. Qd2 Nc5 15.
Ra3 a5 16. Rb1 e6 17. Ndb5 Bf8 18. Rd1 d5 19. cxd5 exd5 20. exd5 Qe7 21. Bg5
Ncd7 22. d6 Qe5 23. Bf4 Qc5+ 24. Qd4 Qxd4+ 25. Rxd4 Nh5 26. Bh2 Bh6 27. Rd1 Nf4
28. Bf1 Rc5 29. Bd3 Nxh3+ 30. Kf1 Nf4 31. Be4 Ba6 32. Kf2 f5 33. Bxf4 Bxf4 34.
Bd5+ Kf8 35. Nc7 Be3+ 36. Kg3 f4+ 37. Kh2 Re5 38. g4 fxg3+ 39. Kg2 Bc4 40. Bxc4
Rxc4 41. Ne4 Bf4 42. Rc3 Rxc3 43. bxc3 Kf7 44. Nd5 g5 45. Nxg3 Bxg3 46. Kxg3 h5
47. c4 Ke6 48. f4 gxf4+ 49. Nxf4+ Kf5 50. Nxh5 Re3+ 51. Kf2 Rc3 52. Rd5+ Kg6 53.
Nf4+ Kf6 54. Nh5+ 1/2-1/2